Loading...

A Moment in Architecture

Bibliographic Details
Main Author: Gautam Bhatia
Format: Printed Book
Published: New Delhi Thulika Books 2002
Edition:1st
Subjects:
LEADER 00635nam a22002051a 4500
020 |a 9788185229591  |c 0.00 
040 |a SSUS - Library - Kalady 
082 |a 720.954  |b GAU/M 
100 |a Gautam Bhatia 
245 |a A Moment in Architecture  |h [Text] 
250 |a 1st 
260 |a New Delhi  |b Thulika Books   |c 2002 
300 |a 167p. 
600 |a Architecture 
600 |a Architecture India 
600 |a Arts 
852 |h 720.954  |i GAU/M  |p 063925  |9 400.00  |t 0 
942 |c BK 
999 |c 29334  |d 29334 
952 |0 0  |1 0  |4 0  |6 720_954000000000000_GAU_M  |7 0  |9 42188  |a SSUS  |b SSUS  |d 2015-01-08  |g 400.00  |o 720.954 GAU/M  |p 063925  |r 2015-01-08  |v 0.00  |w 2015-01-08  |y BK